| 000 | 03268nam0a2200421 4500 | ||
|---|---|---|---|
| 001 | RU\NLR\BIBL_A\022116992 | ||
| 005 | 20240527173012.0 | ||
| 010 | _a978-5-6047465-3-0 | ||
| 021 |
_aRU _bКН-П-23-081865 _9КН-П-23-8304 |
||
| 035 | _a(NLR Aleph) 022116992 | ||
| 090 |
_a12795224 _c12795224 |
||
| 100 | _a20240125d2023 k y0rusy50 ca | ||
| 101 | 0 |
_arus _deng |
|
| 102 | _aRU | ||
| 105 | _aa z 100yy | ||
| 181 | 0 |
_ai3 _baxxe |
|
| 182 | 0 | _an | |
| 200 | 1 |
_aЗнание, наука, практика: актуальные проблемы теории и методики спортивной и профессиональной подготовки в избранном виде деятельности _eматериалы II межкафедральной научно-практической конференции молодых учёных (Москва, 29 марта 2023 г.) _fМинистерство спорта Российской Федерации, Российский университет спорта "ГЦОЛИФК", Кафедра теории и методики восточных боевых искусств, Кафедра теории и методики фехтования, современного пятиборья и стрелковых видов спорта _gпод общ. ред. Ю. Л. Орлова, Л. Г. Рыжовой |
|
| 203 |
_aТекст _bвизуальный _cнепосредственный |
||
| 210 |
_aМосква _cРУС "ГЦОЛИФК" _d2023 |
||
| 215 |
_a146 с. _cил., цв. ил., табл. _d21 |
||
| 300 | _aРез. на англ. яз. | ||
| 320 | _aБиблиогр. в конце ст. | ||
| 606 | 1 |
_aЕдиноборства (спорт.) восточные _jСъезды, совещания и т.п _xТренировка _92220066 _3RU\NLR\AUTH\6601566344 |
|
| 606 | 1 |
_aСтрелковый спорт _jСъезды, совещания и т.п _xТренировка _91714211 _3RU\NLR\AUTH\661061788 |
|
| 606 | 1 |
_aПятиборье _jСъезды, совещания и т.п _xТренировка _92050376 _3RU\NLR\AUTH\66945867 |
|
| 606 | 1 |
_aЕдиноборства (спорт.) _jСъезды, совещания и т.п _xТренировка _91028310 _3RU\NLR\AUTH\66393954 |
|
| 686 | 1 | _aЧ517.15/16.15я431 | |
| 686 | 1 | _aЧ517.231.5я431 | |
| 686 | 1 | _aЧ517.266.15я431 | |
| 702 | 1 |
_4340 _7ca _8rus _aОрлов _bЮ. Л. _cканд. пед. наук _f1953- _gЮрий Леонидович _9216514 _3RU\NLR\AUTH\770216570 |
|
| 711 | 1 | 2 |
_a"Знание, наука, практика: актуальные проблемы теории и методики спортивной и профессиональной подготовки в избранном виде деятельности", межкафедральная научно-практическая конференция молодых учёных _d2 _eМосква _f2023 _9875346 _3RU\NLR\AUTH\880603495 |
| 712 | 0 | 2 |
_4475 _a"ГЦОЛИФК", российский университет спорта _9824283 _3RU\NLR\AUTH\880579322 |
| 942 | _cBOOK | ||
| 980 | _aNB | ||